[Event "World Blitz 2025"]
[Site "Doha QAT"]
[Date "2025.12.29"]
[Round "11.11"]
[White "Lazavik, Denis"]
[Black "Bortnyk, Olexandr"]
[Result "1-0"]
[WhiteTitle "GM"]
[BlackTitle "GM"]
[WhiteElo "2605"]
[BlackElo "2601"]
[WhiteFideId "13515110"]
[BlackFideId "14120828"]
[EventDate "2025.12.29"]

1. c4 Nf6 2. Nc3 g6 3. Nf3 Bg7 4. e4 d6 5. d4 O-O 6. Be2 Na6 7. O-O e5 8. Be3
Qe7 9. dxe5 dxe5 10. Nd5 Qd8 11. Qc2 Ng4 12. Rad1 Nxe3 13. Nxe3 Qe7 14. Nd5 Qd6
15. a3 c5 16. Nd2 b6 17. Nb1 Nc7 18. Nxc7 Qxc7 19. Nc3 Be6 20. Nd5 Qb7 21. Bf3
Rac8 22. Rd3 h5 23. h4 Kh8 24. Qe2 Rce8 25. Rfd1 Qc8 26. g3 f6 27. Kh2 Rf7 28.
Ne3 Kg8 29. b3 Qc7 30. Bg2 Bh6 31. Nd5 Qc8 32. Nc3 Bg4 33. Bf3 Be6 34. Nb5 Bf8
35. Qd2 f5 36. exf5 Bxf5 37. Bd5 Bxd3 38. Qxd3 Qf5 39. Bxf7+ Kxf7 40. Qxf5+ gxf5
41. Nxa7 e4 42. Kg2 Bg7 43. Nb5 Rb8 44. Rd5 Kg6 45. Kf1 Bb2 46. Ke2 Bc1 47. Rd6+
Kg7 48. Rc6 f4 49. gxf4 Bxf4 50. Nd6 Rd8 51. Nxe4 Re8 52. Kf3 Rf8 53. Kg2 Re8
54. Ng3 Bc1 55. a4 Re5 56. Rxb6 Bd2 57. Rd6 Bb4 58. Rd5 Re1 59. Nxh5+ Kh6 60.
Ng3 Rb1 61. Rd3 Rb2 62. Kf3 Be1 63. Ne4 Kh5 64. Kg3 Re2 65. Kf4 Kxh4 66. f3 Bb4
67. Rd5 Rb2 68. Nxc5 Bc3 69. Ne4 Bb4 70. Rb5 Rxb3 71. a5 Rb1 72. a6 Kh3 73. a7 1-0

[Event "World Blitz 2025"]
[Site "Doha QAT"]
[Date "2025.12.29"]
[Round "11.12"]
[White "Artemiev, Vladislav"]
[Black "Ponomariov, Ruslan"]
[Result "1/2-1/2"]
[WhiteTitle "GM"]
[BlackTitle "GM"]
[WhiteElo "2641"]
[BlackElo "2639"]
[WhiteFideId "24101605"]
[BlackFideId "14103320"]
[EventDate "2025.12.29"]

1. c4 Nf6 2. Nf3 e6 3. b3 d5 4. Bb2 Be7 5. g3 O-O 6. Bg2 c5 7. cxd5 exd5 8. O-O
Nc6 9. d4 Ne4 10. dxc5 Bxc5 11. Nc3 Nxc3 12. Bxc3 d4 13. Bb2 Bf5 14. Rc1 Bb6 15.
Qd2 Qd7 16. Rfd1 Rad8 17. b4 a6 18. a4 Rfe8 19. b5 axb5 20. axb5 Na7 21. Bxd4
Bxd4 22. Qxd4 Nxb5 23. Qa1 Qe7 24. Rxd8 Rxd8 25. Qa5 Nd6 26. Nd4 g6 27. e3 Rc8
28. Rd1 Be4 29. Qb4 Bxg2 30. Kxg2 Qe4+ 31. Kg1 Qd5 32. Rb1 1/2-1/2

[Event "World Blitz 2025"]
[Site "Doha QAT"]
[Date "2025.12.29"]
[Round "11.13"]
[White "Sarana, Alexey"]
[Black "Pranav, V"]
[Result "1-0"]
[WhiteTitle "GM"]
[BlackTitle "GM"]
[WhiteElo "2673"]
[BlackElo "2641"]
[WhiteFideId "24133795"]
[BlackFideId "25060783"]
[EventDate "2025.12.29"]

1. d4 Nf6 2. c4 e6 3. Nf3 Bb4+ 4. Bd2 Qe7 5. g3 Nc6 6. Bg2 O-O 7. O-O Bxd2 8.
Qxd2 d5 9. b3 Rd8 10. Qc3 Ne4 11. Qb2 a5 12. Nc3 Nxc3 13. Qxc3 Qb4 14. Rfc1 Qxc3
15. Rxc3 a4 16. cxd5 exd5 17. Rd1 axb3 18. axb3 Ra3 19. e3 Kf8 20. Ne1 Bf5 21.
Rc5 Be6 22. Rb1 Rd7 23. Bf3 Ne7 24. b4 Bf5 25. Rbc1 Rb3 26. g4 Bg6 27. Rxc7 Rxc7
28. Rxc7 Rxb4 29. Kf1 Rb1 30. h4 f6 31. h5 Be8 32. Rc2 b5 33. Be2 b4 34. Bd3 b3
35. Rc7 Ra1 36. Rb7 Ba4 37. Bxh7 Nc6 38. Bg6 1-0

[Event "World Blitz 2025"]
[Site "Doha QAT"]
[Date "2025.12.29"]
[Round "11.14"]
[White "Safarli, Eltaj"]
[Black "Indjic, Aleksandar"]
[Result "1/2-1/2"]
[WhiteTitle "GM"]
[BlackTitle "GM"]
[WhiteElo "2644"]
[BlackElo "2635"]
[WhiteFideId "13402129"]
[BlackFideId "911925"]
[EventDate "2025.12.29"]

1. e4 e5 2. Nf3 Nc6 3. Bb5 a6 4. Ba4 Nf6 5. Nc3 d6 6. Bxc6+ bxc6 7. d4 exd4 8.
Qxd4 c5 9. Qd3 Be7 10. e5 dxe5 11. Qxd8+ Bxd8 12. Nxe5 Be7 13. Be3 Be6 14. O-O-O
O-O 15. Nd3 Nd7 16. Nf4 Bf5 17. Nfd5 Bd6 18. Bf4 Bxf4+ 19. Nxf4 Nb6 20. Nfd5 g6
21. Nxc7 Ra7 22. N7d5 Nxd5 23. Nxd5 Kg7 24. Rhe1 Be6 25. a3 g5 26. Nc3 h6 27.
Rd6 Rc8 28. Red1 c4 29. Rb6 Rc5 30. Rdd6 a5 31. Rb5 Rac7 32. Kd2 h5 33. Rxc5
Rxc5 34. Nd1 g4 35. Ne3 Kf6 36. Kc3 Kg5 37. Ra6 h4 38. Kd4 Rb5 39. Nxc4 Bxc4 40.
Kxc4 Rxb2 41. Rxa5+ f5 42. Kd3 Rb1 43. a4 Rh1 44. h3 gxh3 45. gxh3 Rxh3+ 46. Ke2
Rc3 47. Ra8 Rxc2+ 48. Kf3 Rc3+ 1/2-1/2

[Event "World Blitz 2025"]
[Site "Doha QAT"]
[Date "2025.12.29"]
[Round "11.15"]
[White "Hakobyan, Aram"]
[Black "Grischuk, Alexander"]
[Result "0-1"]
[WhiteTitle "GM"]
[BlackTitle "GM"]
[WhiteElo "2613"]
[BlackElo "2654"]
[WhiteFideId "13306677"]
[BlackFideId "4126025"]
[EventDate "2025.12.29"]

1. d4 Nf6 2. c4 g6 3. Nc3 d5 4. Nf3 Bg7 5. cxd5 Nxd5 6. e4 Nxc3 7. bxc3 c5 8.
Bb5+ Bd7 9. Bxd7+ Nxd7 10. O-O Qa5 11. Bd2 O-O 12. Qb3 Qc7 13. Rab1 Rab8 14. e5
e6 15. h4 h6 16. h5 g5 17. Nh2 b5 18. f4 gxf4 19. Bxf4 Qc6 20. Ng4 Kh8 21. Qd1
Rg8 22. Qd2 Qe4 23. Rbe1 Qf5 24. Nxh6 Bxh6 25. Bxh6 Qxh5 26. Qf4 Rg6 27. Re3
Rbg8 28. Rg3 Rxg3 0-1

[Event "World Blitz 2025"]
[Site "Doha QAT"]
[Date "2025.12.29"]
[Round "11.16"]
[White "Jobava, Baadur"]
[Black "Goutham Krishna H"]
[Result "1-0"]
[WhiteTitle "GM"]
[BlackTitle "IM"]
[WhiteElo "2568"]
[BlackElo "2433"]
[WhiteFideId "13601520"]
[BlackFideId "25983504"]
[EventDate "2025.12.29"]

1. e4 d5 2. exd5 Qxd5 3. Nc3 Qd6 4. g3 Nf6 5. Bg2 c5 6. Nge2 Nc6 7. O-O g6 8. d4
Nxd4 9. Nxd4 cxd4 10. Nb5 Qb6 11. Nxd4 Bg7 12. a4 O-O 13. a5 Qa6 14. Nb3 Bg4 15.
Qe1 Be2 16. Bxb7 Qxb7 17. Qxe2 Rac8 18. a6 Qc6 19. Be3 Nd5 20. c3 Rb8 21. Na5
Qe6 22. Nb7 Rfc8 23. Rfe1 Ra8 24. Rad1 Nxe3 25. Qxe3 Qxa6 26. Qxe7 Bf8 27. Qd7
Rc6 28. Nd8 Rf6 29. Re8 Qb6 30. Rd2 Rb8 31. Qe7 1-0

[Event "World Blitz 2025"]
[Site "Doha QAT"]
[Date "2025.12.29"]
[Round "11.17"]
[White "Pranesh, M"]
[Black "Sadhwani, Raunak"]
[Result "1/2-1/2"]
[WhiteTitle "GM"]
[BlackTitle "GM"]
[WhiteElo "2627"]
[BlackElo "2638"]
[WhiteFideId "35028600"]
[BlackFideId "35093487"]
[EventDate "2025.12.29"]

1. e4 e5 2. Nf3 Nc6 3. Nc3 Nf6 4. Bb5 Bd6 5. d3 O-O 6. Ba4 a6 7. Bg5 b5 8. Bb3
Be7 9. O-O h6 10. Bh4 d6 11. a4 b4 12. Nd5 Nxd5 13. Bxd5 Bxh4 14. Bxc6 Rb8 15.
Nxh4 Qxh4 16. Qd2 a5 17. f4 exf4 18. Rxf4 Qe7 19. Bd5 Be6 20. Bxe6 Qxe6 21. b3
f5 22. Re1 Rbe8 23. Rff1 fxe4 24. Rxf8+ Rxf8 25. Rxe4 Qf5 26. Re1 Qc5+ 27. d4
Qf5 28. h3 Rf7 29. Qe2 Kh7 30. Qd2 Rf6 31. Qe2 Rf7 32. Qd2 Rf6 33. Qe2 1/2-1/2

[Event "World Blitz 2025"]
[Site "Doha QAT"]
[Date "2025.12.29"]
[Round "11.18"]
[White "Rapport, Richard"]
[Black "Nepomniachtchi, Ian"]
[Result "0-1"]
[WhiteTitle "GM"]
[BlackTitle "GM"]
[WhiteElo "2741"]
[BlackElo "2723"]
[WhiteFideId "738590"]
[BlackFideId "4168119"]
[EventDate "2025.12.29"]

1. Nf3 d5 2. d4 Nf6 3. c4 e6 4. Bg5 Be7 5. e3 h6 6. Bxf6 Bxf6 7. Nc3 O-O 8. Qd2
c6 9. h4 g6 10. g4 Bg7 11. g5 h5 12. Ne5 c5 13. f4 Nc6 14. cxd5 exd5 15. Bg2 Be6
16. Rd1 cxd4 17. exd4 Ne7 18. O-O Rc8 19. Qf2 Nf5 20. Rd2 Qa5 21. a3 Rxc3 22.
bxc3 Qxc3 23. Rd3 Qa5 24. Rc1 Rc8 25. Rxc8+ Bxc8 26. Qd2 Qd8 27. Qe1 Bf8 28. Kh2
Kg7 29. a4 Be6 30. a5 Bd6 31. Rb3 b6 32. axb6 axb6 33. Qf2 Qc7 34. Qb2 Nxh4 35.
Rxb6 Ba3 36. Qb1 Bc1 37. Rb7 Bxf4+ 38. Kh1 Qd8 39. Bh3 Qxg5 40. Qf1 Nf5 41. Bxf5
Qxf5 42. Qf3 Bxe5 43. Qxf5 Bxf5 44. dxe5 g5 45. Rb6 Be6 46. Rb2 Kg6 47. Rf2 g4
48. Kg2 Kg5 49. Rf6 h4 50. Rf1 Bf5 51. Kf2 Kf4 0-1

[Event "World Blitz 2025"]
[Site "Doha QAT"]
[Date "2025.12.29"]
[Round "11.19"]
[White "Gukesh, D"]
[Black "Niemann, Hans Moke"]
[Result "1-0"]
[WhiteTitle "GM"]
[BlackTitle "GM"]
[WhiteElo "2754"]
[BlackElo "2725"]
[WhiteFideId "46616543"]
[BlackFideId "2093596"]
[EventDate "2025.12.29"]

1. e4 c5 2. Nf3 Nc6 3. Bb5 g6 4. O-O Bg7 5. Re1 e5 6. Bxc6 dxc6 7. a4 Qe7 8. a5
Nf6 9. d3 O-O 10. h3 Ne8 11. Nbd2 Nc7 12. Nc4 f6 13. Be3 Ne6 14. c3 Rd8 15. Qc2
Rb8 16. b4 b5 17. axb6 axb6 18. bxc5 Nxc5 19. d4 exd4 20. cxd4 Ne6 21. d5 cxd5
22. exd5 Rxd5 23. Bf4 Rb7 24. Nd6 Rc5 25. Qb3 g5 26. Bg3 Rbc7 27. Nxc8 Rxc8 28.
Rxe6 Qf7 29. Ra7 1-0

[Event "World Blitz 2025"]
[Site "Doha QAT"]
[Date "2025.12.29"]
[Round "11.20"]
[White "Naiditsch, Arkadij"]
[Black "Praggnanandhaa, R"]
[Result "0-1"]
[WhiteTitle "GM"]
[BlackTitle "GM"]
[WhiteElo "2574"]
[BlackElo "2761"]
[WhiteFideId "4650891"]
[BlackFideId "25059530"]
[EventDate "2025.12.29"]

1. e4 c5 2. Ne2 Nc6 3. Nbc3 Nf6 4. g3 d5 5. exd5 Nxd5 6. Bg2 Nxc3 7. Nxc3 g6 8.
Bxc6+ bxc6 9. Qf3 Bg7 10. O-O O-O 11. d3 Rb8 12. Re1 Be6 13. Ne4 c4 14. Nc5 Bd5
15. Qe2 cxd3 16. Nxd3 c5 17. Bf4 Rb6 18. Be5 Re6 19. Qg4 Bxe5 20. Nxe5 Qc7 21.
Nd3 c4 22. Nf4 Rxe1+ 23. Rxe1 Ba8 24. Qe2 Qb7 25. f3 Qxb2 26. Qxc4 Bxf3 27. Nd3
Qb6+ 28. Qc5 Qa6 29. Rxe7 Qxa2 30. Kf2 Ba8 31. Rc7 Qe6 32. Nf4 Qg4 33. Qc3 h5
34. Rxa7 g5 35. Ne2 Re8 36. Nd4 Qh3 37. Nf3 Bxf3 38. Qxf3 Qxh2+ 39. Kf1 Qh3+ 40.
Kf2 Qe6 41. Ra1 Qe5 42. Rd1 Qc5+ 43. Kf1 Qc4+ 44. Kg1 h4 45. gxh4 Qxh4 46. Rf1
Qh7 47. c4 Qg6 48. c5 Re7 49. Qf5 Kg7 50. Qf2 Re4 51. Qb2+ Kh7 52. Qh2+ Rh4 53.
Qe2 Qg7 54. Qd3+ Kh6 55. Rf2 Qa1+ 56. Rf1 Qg7 57. Qd6+ Kh5 58. Qd1+ Rg4+ 59. Kh2
Qb2+ 0-1

[Event "World Blitz 2025"]
[Site "Doha QAT"]
[Date "2025.12.29"]
[Round "11.21"]
[White "Paravyan, David"]
[Black "Nihal, Sarin"]
[Result "0-1"]
[WhiteTitle "GM"]
[BlackTitle "GM"]
[WhiteElo "2582"]
[BlackElo "2701"]
[WhiteFideId "4194985"]
[BlackFideId "25092340"]
[EventDate "2025.12.29"]

1. e4 e6 2. d4 d5 3. Nc3 dxe4 4. Nxe4 Bd7 5. Nf3 Bc6 6. Nc3 Nd7 7. Bd3 Ngf6 8.
Qe2 Be7 9. Bf4 O-O 10. O-O-O Bb4 11. Ne4 Bxe4 12. Bxe4 Nxe4 13. Qxe4 Bd6 14. Bg5
Qc8 15. h4 b5 16. Ne5 Nb6 17. Qg4 f5 18. Qe2 Nd5 19. h5 Qa6 20. Kb1 Bxe5 21.
dxe5 h6 22. Bc1 Qc6 23. Rd4 Rad8 24. Rhd1 a6 25. c4 bxc4 26. Rxc4 Qb5 27. Rd2
Rb8 28. Ka1 Qa5 29. Rd3 Nb4 30. Ra3 Qd5 31. Bd2 Rfd8 32. Bc1 Nd3 33. Rac3 c5 34.
g4 Rb4 35. b3 Rxc4 36. Rxc4 Nxe5 37. Rc2 fxg4 38. Rd2 Nd3 39. Bb2 Qf5 40. Qe3
Rd5 41. Bc3 Nb4 42. Kb2 Rxd2+ 43. Qxd2 Nd3+ 44. Ka3 e5 45. Qe3 e4 46. Ka4 Qd7+
47. Ka3 Qf5 48. Ka4 Kh7 49. Ka5 Nxf2 50. Kxa6 Nd1 51. Qd2 Nxc3 52. Qxc3 Qxh5 53.
a4 Qg6+ 54. Kb7 g3 55. Qxc5 g2 56. Qg1 e3 57. a5 e2 0-1

[Event "World Blitz 2025"]
[Site "Doha QAT"]
[Date "2025.12.29"]
[Round "11.22"]
[White "Mamedov, Edgar"]
[Black "Harikrishna, Pentala"]
[Result "1-0"]
[WhiteTitle "GM"]
[BlackTitle "GM"]
[WhiteElo "2492"]
[BlackElo "2693"]
[WhiteFideId "13739980"]
[BlackFideId "5007003"]
[EventDate "2025.12.29"]

1. d4 d5 2. c4 e6 3. Nf3 Nf6 4. Nc3 Be7 5. Bf4 O-O 6. e3 c5 7. dxc5 Bxc5 8. cxd5
Nxd5 9. Nxd5 exd5 10. Bd3 Bb4+ 11. Nd2 Nc6 12. O-O Bd6 13. Bxd6 Qxd6 14. Rc1 g6
15. Qa4 Be6 16. Nf3 Ne5 17. Be2 Nxf3+ 18. Bxf3 Qb6 19. b3 Rac8 20. Rfd1 Rfd8 21.
Rxc8 Rxc8 22. h4 Rc2 23. h5 Qc5 24. h6 Qf8 25. Qf4 Rc5 26. Be2 a5 27. a3 b6 28.
b4 Rc3 29. Bf3 Rc4 30. e4 axb4 31. axb4 d4 32. b5 Qd8 33. Be2 Rc5 34. e5 Rd5 35.
Bf3 Rd7 36. Bc6 Ra7 37. Rxd4 Qf8 38. Qg5 Re7 39. Rd6 Bf5 40. Qf6 Be6 41. Be4 Rd7
42. Rxd7 Bxd7 43. Qxb6 Qxh6 44. Qd8+ Kg7 45. Qf6+ Kg8 46. Qd8+ Kg7 47. Qxd7 Qc1+
48. Kh2 Qf4+ 49. g3 Qxe4 50. b6 Qxe5 51. b7 Qb2 52. Kg2 h5 53. Qc8 h4 54. b8=Q
h3+ 55. Kxh3 Qxf2 56. Qh8# 1-0

[Event "World Blitz 2025"]
[Site "Doha QAT"]
[Date "2025.12.29"]
[Round "11.23"]
[White "Stribuk, Artiom"]
[Black "Pichot, Alan"]
[Result "1-0"]
[WhiteTitle "IM"]
[BlackTitle "GM"]
[WhiteElo "2476"]
[BlackElo "2597"]
[WhiteFideId "13515659"]
[BlackFideId "110973"]
[EventDate "2025.12.29"]

1. c4 Nf6 2. g3 e6 3. Bg2 d5 4. Nf3 Be7 5. O-O O-O 6. d4 a5 7. b3 a4 8. Ba3 c6
9. Qc2 Bxa3 10. Nxa3 Nbd7 11. b4 b6 12. Rfc1 Bb7 13. b5 c5 14. cxd5 exd5 15. Qb2
Re8 16. e3 Qe7 17. Nb1 Ne4 18. Nc3 a3 19. Qe2 Nd6 20. Rd1 Rac8 21. Rac1 c4 22.
Nd2 Nf6 23. Qf3 Qd7 24. Rb1 Ra8 25. Rb4 Ra5 26. Rdb1 Qe6 27. Qf4 h6 28. h4 Nh7
29. Ra4 g5 30. hxg5 hxg5 31. Qf3 Rxa4 32. Nxa4 Qg6 33. Qd1 Qf5 34. Nc3 g4 35.
Rc1 Ng5 36. Qc2 Qe6 37. Kf1 Kg7 38. Ke2 Rh8 39. Rh1 Rxh1 40. Bxh1 Nf5 41. Kd1
Nxe3+ 42. fxe3 Qxe3 43. Nf1 Qxd4+ 44. Qd2 Qe5 45. Ne3 d4 46. Nxg4 Qf5 47. Qxd4+
f6 48. Bxb7 Ne6 49. Qxf6+ Qxf6 50. Nxf6 Kxf6 51. Bd5 Nc5 52. Ne4+ Ke5 53. Nxc5 1-0

[Event "World Blitz 2025"]
[Site "Doha QAT"]
[Date "2025.12.29"]
[Round "11.24"]
[White "Andreikin, Dmitry"]
[Black "Zemlyanskii, Ivan"]
[Result "1-0"]
[WhiteTitle "GM"]
[BlackTitle "GM"]
[WhiteElo "2710"]
[BlackElo "2592"]
[WhiteFideId "4158814"]
[BlackFideId "24249971"]
[EventDate "2025.12.29"]

1. d4 Nf6 2. c4 g6 3. Nc3 d5 4. cxd5 Nxd5 5. e4 Nxc3 6. bxc3 Bg7 7. Nf3 c5 8.
Be2 Nc6 9. d5 Bxc3+ 10. Bd2 Bxa1 11. Qxa1 Nd4 12. Nxd4 cxd4 13. O-O O-O 14. Qxd4
Qb6 15. Qa1 f6 16. Rb1 Qc7 17. Rc1 Qd6 18. Qb2 Bd7 19. Bb4 Qf4 20. Bxe7 Rfc8 21.
Rf1 Qe5 22. Qxe5 fxe5 23. f4 exf4 24. e5 Rc2 25. Bd1 Rd2 26. Bb3 Re8 27. d6+ Kg7
28. Rxf4 Rxe7 29. dxe7 Re2 30. e6 Bc6 31. Bd5 Bb5 32. Bc4 1-0

[Event "World Blitz 2025"]
[Site "Doha QAT"]
[Date "2025.12.29"]
[Round "11.25"]
[White "Ponkratov, Pavel"]
[Black "Sevian, Samuel"]
[Result "0-1"]
[WhiteTitle "GM"]
[BlackTitle "GM"]
[WhiteElo "2587"]
[BlackElo "2688"]
[WhiteFideId "4157800"]
[BlackFideId "2040506"]
[EventDate "2025.12.29"]

1. Nf3 Nf6 2. g3 b5 3. Bg2 Bb7 4. d3 c5 5. e4 d6 6. a4 b4 7. a5 g6 8. c3 bxc3 9.
bxc3 Bg7 10. O-O O-O 11. Re1 c4 12. dxc4 Na6 13. Nd4 Nd7 14. Bg5 Ne5 15. Nd2 Nc5
16. h3 Rc8 17. Qe2 Ba6 18. Nb5 Nxc4 19. Nxa7 Nxd2 20. Qxd2 Rc7 21. e5 Rxa7 22.
exd6 Qxd6 23. Qxd6 exd6 24. Re7 Rxe7 25. Bxe7 Rc8 26. Bxd6 Nb3 27. Ra3 Rxc3 28.
Bd5 Nd2 29. Ra2 Rd3 0-1

[Event "World Blitz 2025"]
[Site "Doha QAT"]
[Date "2025.12.29"]
[Round "11.26"]
[White "Le, Quang Liem"]
[Black "Muradli, Mahammad"]
[Result "1-0"]
[WhiteTitle "GM"]
[BlackTitle "GM"]
[WhiteElo "2731"]
[BlackElo "2581"]
[WhiteFideId "12401137"]
[BlackFideId "13409301"]
[EventDate "2025.12.29"]

1. d4 d5 2. c4 e6 3. Nf3 Nf6 4. g3 Bb4+ 5. Bd2 Be7 6. Bg2 c6 7. O-O Nbd7 8. Qc2
b6 9. cxd5 cxd5 10. Rc1 Ba6 11. Nc3 b5 12. a4 b4 13. Nb5 O-O 14. Qb3 Bxb5 15.
axb5 Qb6 16. Qa4 Rfb8 17. Bf1 Qxb5 18. Rc8+ Rxc8 19. Qxb5 Rab8 20. Qd3 Rb7 21.
Bf4 Rc6 22. Ra6 Rc8 23. Nd2 h6 24. Nb3 Nb6 25. Qb5 Rc2 26. Nc5 1-0

[Event "World Blitz 2025"]
[Site "Doha QAT"]
[Date "2025.12.29"]
[Round "11.27"]
[White "Maghsoodloo, Parham"]
[Black "Uskov, Artem"]
[Result "0-1"]
[WhiteTitle "GM"]
[BlackTitle "GM"]
[WhiteElo "2708"]
[BlackElo "2516"]
[WhiteFideId "12539929"]
[BlackFideId "34254854"]
[EventDate "2025.12.29"]

1. c4 e5 2. Nc3 Nf6 3. Nf3 Nc6 4. e3 Bb4 5. Nd5 e4 6. Nxb4 Nxb4 7. a3 Nc6 8. Ng1
d5 9. cxd5 Qxd5 10. d4 exd3 11. Qxd3 Be6 12. Qxd5 Bxd5 13. f3 O-O-O 14. Nh3 Rhe8
15. Kf2 Na5 16. Nf4 Nb3 17. Rb1 Bc6 18. Bc4 Nd2 19. Bxd2 Rxd2+ 20. Be2 g5 21.
Nd3 Bb5 22. Rbd1 Rc2 23. e4 Nd5 24. g3 f5 25. Rc1 Rxe2+ 26. Kxe2 fxe4 27. fxe4
Rxe4+ 28. Kf2 Bxd3 29. Rhd1 Re2+ 30. Kg1 Be4 31. Re1 Rg2+ 32. Kf1 Bf3 33. Re8+
Kd7 34. Rf8 Ne3+ 35. Ke1 Re2# 0-1

[Event "World Blitz 2025"]
[Site "Doha QAT"]
[Date "2025.12.29"]
[Round "11.28"]
[White "Martirosyan, Haik M."]
[Black "Peyrer, Konstantin"]
[Result "1-0"]
[WhiteTitle "GM"]
[BlackTitle "IM"]
[WhiteElo "2625"]
[BlackElo "2496"]
[WhiteFideId "13306553"]
[BlackFideId "1640879"]
[EventDate "2025.12.29"]

1. d4 Nf6 2. Bg5 d5 3. Nd2 c5 4. e3 Nc6 5. c3 e6 6. Ngf3 h6 7. Bh4 g5 8. Bg3 Nh5
9. Bd3 Nxg3 10. hxg3 Bg7 11. dxc5 Qe7 12. Nb3 e5 13. Nfd2 Be6 14. e4 O-O-O 15.
Qc2 Kb8 16. exd5 Bxd5 17. Be4 Qe6 18. O-O-O a5 19. a4 Rhe8 20. f3 Bf8 21. g4 Ka7
22. Bxd5 Rxd5 23. Ne4 Red8 24. Rxd5 Rxd5 25. Rd1 Be7 26. Rxd5 Qxd5 27. Qd1 Qc4
28. Nbd2 Qd3 29. Qb3 Qe3 30. Qxf7 Bxc5 31. Kc2 Be7 32. Qc4 Qg1 33. Qe2 Qa1 34.
Qb5 Qg1 35. Qe2 Qa1 36. Kb3 Kb8 37. Nc4 Qg1 38. Kc2 Qa1 39. Kb3 Qg1 40. Ne3 Bf8
41. Qf2 Qc1 42. Qd2 Qg1 43. Ka2 Ka7 44. Nc4 Qf1 45. Qf2+ Qxf2 46. Nxf2 1-0

[Event "World Blitz 2025"]
[Site "Doha QAT"]
[Date "2025.12.29"]
[Round "11.29"]
[White "Bharath, Subramaniyam H"]
[Black "Esipenko, Andrey"]
[Result "1-0"]
[WhiteTitle "GM"]
[BlackTitle "GM"]
[WhiteElo "2576"]
[BlackElo "2698"]
[WhiteFideId "46634827"]
[BlackFideId "24175439"]
[EventDate "2025.12.29"]

1. e4 e5 2. Nf3 Nc6 3. d4 exd4 4. Bc4 Nf6 5. e5 Ne4 6. Qe2 Nc5 7. O-O Ne6 8.
Bxe6 fxe6 9. Rd1 Be7 10. Nxd4 Nxd4 11. Rxd4 O-O 12. Be3 b6 13. Nc3 Bb7 14. Rad1
Bc6 15. b4 a6 16. a4 b5 17. axb5 axb5 18. Nxb5 Qb8 19. c4 Bxb4 20. Rg4 Rf7 21.
h4 Bf8 22. Nd4 Qb7 23. h5 Ra4 24. h6 Be4 25. hxg7 Bxg7 26. Nxe6 dxe6 27. Rd8+
Rf8 28. Rxf8+ Kxf8 29. Rxe4 Qb1+ 30. Kh2 Ra1 31. Qf3+ Kg8 32. Rg4 h5 33. Rxg7+
Kxg7 34. Qf6+ Kg8 35. Qxe6+ Kf8 36. Bh6# 1-0

[Event "World Blitz 2025"]
[Site "Doha QAT"]
[Date "2025.12.29"]
[Round "11.30"]
[White "Mamedyarov, Shakhriyar"]
[Black "Makhnev, Denis"]
[Result "1-0"]
[WhiteTitle "GM"]
[BlackTitle "GM"]
[WhiteElo "2730"]
[BlackElo "2532"]
[WhiteFideId "13401319"]
[BlackFideId "13707647"]
[EventDate "2025.12.29"]

1. c4 Nf6 2. Nc3 e5 3. g3 Bb4 4. Bg2 O-O 5. e4 Bxc3 6. bxc3 d6 7. Ne2 Nc6 8. O-O
Be6 9. d3 Qc8 10. Rb1 Bh3 11. f4 Bxg2 12. Kxg2 exf4 13. Nxf4 Ne5 14. Be3 c6 15.
Qe2 b6 16. h3 Qd7 17. Kh2 Rfe8 18. Rbe1 Re7 19. Ng2 h6 20. Nh4 Re6 21. Nf5 Ng6
22. Bd4 Kh7 23. Rf2 Rae8 24. Ref1 Ne5 25. Kg2 d5 26. cxd5 cxd5 27. Nxg7 Kxg7 28.
Bxe5 Rxe5 29. Rxf6 dxe4 30. dxe4 Rg5 31. h4 Rge5 32. Qe3 Rxe4 33. Qxh6+ Kg8 34.
Qg5+ Kf8 35. Qh6+ Kg8 36. Rxf7 Qxf7 37. Rxf7 Kxf7 38. Qh7+ Kf6 39. Qh6+ Ke5 40.
Kh3 Kd5 41. Qg6 R8e6 42. Qf7 Kc4 43. h5 Kxc3 44. Qg7+ Kc2 45. h6 R4e5 46. h7
Rh5+ 47. Kg2 Reh6 48. Qc7+ Kb2 49. Qxa7 Rh2+ 50. Kf3 Rxh7 51. Qxb6+ Kxa2 52. g4
Rb2 53. Qa6+ Kb3 54. Qd3+ 1-0

[Event "World Blitz 2025"]
[Site "Doha QAT"]
[Date "2025.12.29"]
[Round "11.31"]
[White "Maksimovic, Bojan"]
[Black "Salem, A.R. Saleh"]
[Result "0-1"]
[WhiteTitle "GM"]
[BlackTitle "GM"]
[WhiteElo "2533"]
[BlackElo "2635"]
[WhiteFideId "14408120"]
[BlackFideId "9301348"]
[EventDate "2025.12.29"]

1. d4 Nf6 2. Bg5 Ne4 3. h4 c5 4. d5 g6 5. Nd2 Nxg5 6. hxg5 Bg7 7. c3 d6 8. e4
Nd7 9. f4 h6 10. Ngf3 a6 11. a4 b6 12. Bd3 Qc7 13. Qe2 Qb7 14. Kf2 Rb8 15. Nc4
b5 16. axb5 axb5 17. Na5 Qb6 18. Qe3 hxg5 19. Rxh8+ Bxh8 20. Nxg5 Nf6 21. Be2
Bd7 22. Nb3 Bg7 23. Nd2 Kf8 24. g3 Kg8 25. Kg2 b4 26. c4 Nh7 27. Nxh7 Bd4 28.
Qd3 Kxh7 29. Rh1+ Kg7 30. b3 Ra8 31. Nf3 Bc3 32. Ng5 Kg8 33. g4 Ra2 34. Qh3 Bg7
35. Qd3 Qa5 36. Kg3 Qa3 37. f5 Qb2 38. fxg6 Qe5+ 39. Kh4 fxg6 40. Ne6 Bxe6 41.
dxe6 Bf6+ 42. Kh3 Rb2 43. Rf1 Kg7 44. Rf2 Qg5 45. Kg2 Rd2 46. Qg3 Rb2 47. Qf3
Qe5 48. Kh3 Rc2 49. Kg2 Rc3 50. Qf4 Qxf4 51. Rxf4 Rxb3 52. e5 dxe5 53. Re4 Rc3
54. g5 Bxg5 55. Rxe5 Be3 56. Rd5 Kf6 57. Rd7 b3 58. Rb7 Bd4 59. Bd1 Rxc4 60.
Bxb3 Rc3 61. Bd5 Re3 62. Rd7 g5 63. Rd8 Ke5 64. Bc4 Rc3 65. Ba6 Kxe6 66. Bc8+
Ke5 67. Kf1 Rc2 68. Re8 Kd6 69. Rd8+ Kc7 70. Re8 Bf6 71. Bf5 Rb2 72. Ke1 Kd6 73.
Rc8 Kd5 74. Bg4 c4 75. Be2 c3 76. Kf2 g4 77. Rd8+ Ke4 78. Kf1 g3 79. Bd3+ Ke5 0-1

[Event "World Blitz 2025"]
[Site "Doha QAT"]
[Date "2025.12.29"]
[Round "11.32"]
[White "Dominguez Perez, Leinier"]
[Black "Mendonca, Leon Luke"]
[Result "0-1"]
[WhiteTitle "GM"]
[BlackTitle "GM"]
[WhiteElo "2738"]
[BlackElo "2615"]
[WhiteFideId "3503240"]
[BlackFideId "35028561"]
[EventDate "2025.12.29"]

1. e4 c5 2. Nf3 d6 3. d4 cxd4 4. Nxd4 Nf6 5. Nc3 a6 6. Be2 e5 7. Nb3 Be7 8. Be3
Be6 9. f4 exf4 10. Bxf4 Nc6 11. Qd2 d5 12. exd5 Nxd5 13. Nxd5 Qxd5 14. O-O-O Qe4
15. Qe3 Qxe3+ 16. Bxe3 O-O 17. Nc5 Bxc5 18. Bxc5 Rfe8 19. Rhe1 Rac8 20. Bf3 h6
21. b3 g5 22. Kb2 Kg7 23. g3 Red8 24. c4 Rxd1 25. Rxd1 Kg6 26. Rd6 Kf6 27. Kc3
Ke5 28. Rd2 Kf6 29. a4 g4 30. Bg2 h5 31. b4 a5 32. Bd4+ Nxd4 33. Rxd4 axb4+ 34.
Kxb4 Rc7 35. c5 Ke5 36. Rd6 f5 37. Rb6 Bc8 38. Rh6 Rd7 39. Rxh5 Rd4+ 40. Ka5 Rd2
41. Bf1 Rc2 42. Kb6 Rb2+ 43. Bb5 Rc2 44. Rh8 Be6 45. Kxb7 Rxc5 46. Kb6 Rc2 47.
a5 Rb2 48. Re8 Kd6 49. Rd8+ Ke5 50. Kc5 Rc2+ 51. Kb4 Rb2+ 52. Ka4 Ra2+ 53. Kb4
Rb2+ 54. Kc5 Rc2+ 55. Kb6 Rb2 56. Rb8 Kd6 57. a6 Bd7 58. a7 Bxb5 59. a8=Q Bc6+
60. Ka7 Ra2+ 61. Kb6 Rxa8 0-1